Surat, minit mesyuarat, dokumen perniagaan dan laporan

Bibliographic Details
Main Author: Samsudin Wahab
Format: Book
Published: Pahang : PTS , 2005
Series:Siri pengurusan pejabat
Subjects:

MARC

LEADER 00000cam a2200000 7i4500
001 0000030231
005 20110118.0
008 110118
020 |a 9833376290 
090 0 0 |a 651.75   |b SAM 
100 0 |a Samsudin Wahab 
245 1 0 |a Surat, minit mesyuarat, dokumen perniagaan dan laporan   |c Samsudin Wahab 
260 |a Pahang :   |b PTS ,   |c 2005 
440 |a Siri pengurusan pejabat 
650 0 |a Business writing 
650 0 |a Commercial correspondence 
650 0 |a Letter writing 
999 |a 0001080551   |b Book   |c Adult Collection   |e Perbadanan Perpustakaan Awam Johor